| 000 | 01237nam a2200349 i 4500 | ||
|---|---|---|---|
| 003 | CO-BoRNBP | ||
| 005 | 20230508150541.0 | ||
| 007 | ta | ||
| 008 | 211103s2021 ck a ||er ||| 00| pdspa d | ||
| 020 | _a9789585479470 | ||
| 040 |
_aCO-BoRNBP _bspa _erda _cCO-BoRNBP |
||
| 041 | 0 | _aspa | |
| 043 | _as-ck--- | ||
| 084 | _aP DUR6 | ||
| 100 | 1 |
_aDurán Fontanilla, María Katherine _d1985- _eautora _91820 |
|
| 245 | 1 | 0 |
_aGeografías en mi piel _cKathy Durán Fontanilla |
| 250 | _aEdición especial | ||
| 264 | 1 |
_aBogotá, Colombia _bApidama Ediciones _c2021 |
|
| 300 |
_a143 páginas _bilustraciones a color _c23 cm |
||
| 336 |
_atexto _btxt _2rdacontent |
||
| 337 |
_asin mediación _bn _2rdamedia |
||
| 338 |
_avolumen _bnc _2rdacarrier |
||
| 490 | 0 | _aPlan Nacional de Lectura y Escritura Leer es mi Cuento / Ministerio de Cultura | |
| 521 | _aRecomendado para un público adulto | ||
| 545 | _aIncluye datos biográficos de la autora al final del texto | ||
| 650 | 1 | 7 |
_aPoesía colombiana _ySiglo XXI _2LEMB _91821 |
| 650 | 1 | 7 |
_aLiteratura colombiana _ySiglo XXI _2LEMB _965 |
| 650 | 1 | 7 |
_aAutores colombianos _ySiglo XXI _2LEMB _966 |
| 650 | 1 | 7 |
_aPoesía erótica _2LEMB _91822 |
| 650 | 1 | 7 |
_aMujeres _vPoesía _2LEMB _91823 |
| 942 | _cBKLIT | ||
| 999 |
_c9491 _d9491 |
||